000
00463nam a2200181Ia 4500
008
100917s9999 xx 000 0 und d
082
_b
927
100
_a
खुपरेकर बाळकृष्ण माधव
245
_a
अविमारक
260
_b
---
_c
1848
300
_a
110
365
_b
0
520
_a
नाटक
630
_a
अविमारक
650
_a
नाटक
730
_a
अविमारक
942
_c
BOOK
999
_c
606321
_d
606318